000 00406nam a22001457a 4500
003 MACL
005 20180530164038.0
008 180530b xxu||||| |||| 00| 0 eng d
040 _cMACL
100 _aभ्‍ागत, दत्‍ता
_972673
245 _aतीन दलित नाटक
260 _aदिल्‍ली
_bयश
_c2015
650 _aनाटक
_972674
942 _2ddc
_cHIN
999 _c58173
_d58173